| 000 | 00797nam a2200229Ii 4500 | ||
|---|---|---|---|
| 003 | JO-AjNU | ||
| 008 | 230605s9999||||xx |||||||||||||| ||und|| | ||
| 017 | _a2009/7/2327 | ||
| 020 | _a978-9957-33-155-9 | ||
| 040 |
_aJO-AjNU _bara _erda _cJO-AjNU |
||
| 041 | _aara | ||
| 050 | 1 | 4 | _aG155.A1.B39 2009 |
| 100 | 3 |
_aإعداد بظاظو، إبراهيم, _eauthor _950959 |
|
| 245 | 0 | 0 | _aالجغرافيا والمعالم السياحية |
| 250 | _aط1 | ||
| 264 | 3 | 1 | _aعمان: مؤسسة الوراق للنشر والتوزيع، 2009 |
| 300 |
_a408ص _bيشتمل على ببيلوغرافيا من ص (339-408) |
||
| 336 |
_atext _btxt _2rdacontent |
||
| 337 |
_aunmediated _bn _2rdamedia |
||
| 338 |
_avolume _bnc _2rdacarrier |
||
| 650 | 4 |
_aالجغرافيا السياحية _950960 |
|
| 999 |
_aA22480 _c26048 _d26048 |
||